| 000 | 00637nam a2200253Ia 4500 | ||
|---|---|---|---|
| 008 | 171025s9999 xx 000 0 und d | ||
| 020 | _a9789814239967 | ||
| 050 | _a530 | ||
| 050 | _bH669 2008 | ||
| 100 | _aHirsch, Alan J. | ||
| 245 | _aNelson physics 12 / | ||
| 245 | _cby Alan J. Hirsch. | ||
| 250 | _aThomson Asian edition. | ||
| 260 | _aAustralia : | ||
| 260 | _bThomas Nelson, | ||
| 260 | _c2008 | ||
| 300 | _aix, 598 pages : | ||
| 300 | _billustrations ; | ||
| 300 | _c26cm. | ||
| 500 | _aIncludes glossary and index. | ||
| 650 | _aPhysics -- | ||
| 650 | _xStudy and teaching (Secondary). | ||
| 700 | _aTitle. | ||
| 999 |
_c344927 _d344927 |
||